000 00621nam a22002297a 4500
003 UA-OsUOA
001 56210
007 ta
008 20081008b un ||||| |||| 00| 0 ukr d
100 _aКир'ян Н.
700 _aБукет Є.
090 _a81
_bК43
942 _cSA
040 _aUA-OsUOA
_bukr
_cUA-OsUOA
_dUA-OsUOA
245 _aЗахистити мову титульної нації
300 _aС.4-5
955 _a0
041 _aukr
080 _a81
773 0 _w56209
650 7 _a8 Мовознавство. Художня література. Літературознавство
_2UDC
999 _c342271
_d342271